000 00975nam a2200229Ia 4500
999 _c40821
_d40821
001 7461
003 GE_BSU
005 20231214112209.0
008 181216s1977||||ge |||||||||||||| ||geo||
040 _cGE_BSU
041 _ageo
080 _a821.353.1-11 დ-71
100 _aდოლბაია, ვაჟა
_920714
245 _aსაუკუნის ერთი დღე :
_bპოემა /
_cვაჟა დოლბაია ; რედ. მირცა ჯაფარიძე ; მხატვ. სპარტაკ ცინცაძე.
264 _aთბილისი :
_bმერანი,
_c1977.
300 _a37 გვ. :
_bილ.;
_c16 სმ.
653 _aპოემა
653 _aსაუკუნის ერთი დღე
700 _aჯაფარიძე, მირცა
_eრედაქტორი
_920724
700 _aცინცაძე, სპარტაკ
_eმხატვარი
_94
942 _cBK
_2udc